| 000 -LEADER |
| fixed length control field |
00589nam a22001577a 4500 |
| 020 ## - INTERNATIONAL STANDARD BOOK NUMBER |
| International Standard Book Number |
9789386302489 |
| 082 ## - DEWEY DECIMAL CLASSIFICATION NUMBER |
| Classification number |
A72x54113 L146 |
| 100 ## - MAIN ENTRY--PERSONAL NAME |
| Personal name |
Laitflang, Wilson R. |
| 9 (RLIN) |
11801 |
| 245 ## - TITLE STATEMENT |
| Title |
Diaries from my attic: |
| Remainder of title |
a journey into the past |
| Statement of responsibility, etc |
by Wilson R. Laitflang |
| 260 ## - PUBLICATION, DISTRIBUTION, ETC. (IMPRINT) |
| Place of publication, distribution, etc |
Guwahati |
| Name of publisher, distributor, etc |
EBH |
| Date of publication, distribution, etc |
2018 |
| 300 ## - PHYSICAL DESCRIPTION |
| Extent |
100p. |
| 650 ## - SUBJECT ADDED ENTRY--TOPICAL TERM |
| Topical term or geographic name as entry element |
Meghalaya (India) -- Description and travel. |
| 9 (RLIN) |
11948 |
| 650 ## - SUBJECT ADDED ENTRY--TOPICAL TERM |
| Topical term or geographic name as entry element |
Laitflang, W. R. -- Travel -- Meghalaya -- Diaries. |
| 9 (RLIN) |
11949 |
| 650 ## - SUBJECT ADDED ENTRY--TOPICAL TERM |
| Topical term or geographic name as entry element |
Meghalaya (India) -- Officials and employees -- Travel -- Diaries |
| 9 (RLIN) |
11950 |
| 700 ## - ADDED ENTRY--PERSONAL NAME |
| Personal name |
Pyngrope, Iadalang, ed. |
| 9 (RLIN) |
11802 |